Chargement en cours...
Text mining and its applications
| Auteur principal: | |
|---|---|
| Format: | Printed Book |
| Publié: |
Springer
2004
|
| Édition: | 1st Ed. |
| LEADER | 00431nam a2200133 4500 | ||
|---|---|---|---|
| 082 | |a 006.312 | ||
| 100 | |a Spiros Sirmakessis | ||
| 245 | |a Text mining and its applications |c Spiros Sirmakessis |h [Text] | ||
| 250 | |a 1st Ed. | ||
| 260 | |b Springer |c 2004 | ||
| 300 | |a Hard bound | ||
| 942 | |c BK | ||
| 999 | |c 84404 |d 84404 | ||
| 952 | |0 0 |1 0 |4 0 |6 006_312000000000000 |7 0 |9 76678 |a SOCS |b SOCS |d 2015-06-11 |g 13409.11 |l 0 |o 006.312 |p SOCS3764 |r 2015-06-11 |w 2015-06-11 |y BK | ||